LDR 00665naa#a2200169#i#450# 001 EN\\bibl\121824 005 20260606145302.6 011 ## _a2500-1795 100 ## _a20260525b2026####ek#y0engy0150####ca 102 ## _aRU 200 1# _aFOLKLORE IN RAMAZAN SHAIKHULOV’S NOVEL “WHITE STEPPES” _eJournal article 210 1# _aNizhnevartovsk _cNizhnevartovsk State University _d2026 215 ## _a6 с. 608 ## _aJournal article _2local 675 ## _aЭтнография. Нравы. Обычаи. Жизнь народа. Фольклора. 39 _aФольклор (в собственном смысле слова). 398 _z 700 #1 _aYumaguzhina _gLaysan R. 856 4# _avestnik.nvsu.ru _u